00870nab a2200241 uc450000100070000000500170000700800410002403500110006503500210007604000130009704100080011010000450011824501410016365000270030465000160033165000450034765000240039270000330041670000290044977301210047894200100059999900190060949303220240829090954.0990803nuuuuuuuu spa  a493032 a(OCoLC)819802670 ccomduadb aspa10aMathiesen, Maria Elena4auteaut949922510aValores de los estudiantes de la Universidad de Concepcion (Chile). Aplicación de la escala de comportamientos morales controvertidos aValores morales910482 aChile94712 7aEstudiantes universitarios2lemb9856893 7aÉtica2lemb9469410aMora, Olga4auteaut976096810aCastro, Manuel4auteaut0 tRevista Latinoamericana de Psicología (Bogotá)gVol. 30, No. 01, Ene. 1998, p. 121-136w140894x0120-0534076228 cARIMP c125759d125759